000 00926nam a2200253Ia 4500
003 OSt
005 20220923211433.0
006 a|||||r|||| 00| 0
007 ta
008 220922b |||||||| |||| 00| 0 hin d
020 _a9789350001653 (hbk)
_c250
024 _a242,109
037 _b488, 03/03/2010, Vani Prakashan
_cTextual
040 _aARTS
_cARTS
_bhin
041 _2hin
_ahin
082 _aO146,2M90w, 152M2
100 _aचापेक, कारेल; वर्मा, निर्मल, अनु.
_9160491
245 0 _aआर यू आर
246 _aĀra. Yū. Āra.
260 _aनयी दिल्ली
_b वाणी प्रकाशन
_c1982
300 _a163पृ.
_ccm.
942 _hO146,2M90w, 152M2
_cTEXL
_2CC
999 _c299501
_d299501